County Seats Of Vermont - Statistics

General Stats
  • This quiz has been taken 43 times
  • The average score is 6 of 14
Answer Stats
County Shire town % Correct
Chittenden Burlington
92%
Washington Montpelier
88%
_______ Rutland (city)
73%
__________ Bennington & Manchester
69%
Caledonia St. Johnsbury
65%
Addison Middlebury
50%
Grand Isle North Hero
50%
Franklin St. Albans (city)
42%
Orleans Newport (city)
27%
Windsor Woodstock
19%
Lamoille Hyde Park (town)
15%
Orange Chelsea
12%
Essex Guildhall
12%
Windham Newfane
12%
No matching quizzes found
Score Distribution
Percent of People with Each Score
Percentile by Number Answered
Your Score History
You have not taken this quiz